000 00373nam a2200145 i 4500
001 bg
100 1 _aLUPA, Herbert
245 0 _aBadanie modelowe-wybrane zagadnienia /
_cHerbert Lupa, Zbigniew Mroziński.
260 _aSzczecin,
_c1977.
700 1 _aMROZIŃSKI, Zbigniew
040 _cBPK
041 _apol
942 _cKS
008 s pl f |000 0 pol
999 _c17613
_d17613
856 _uhttp://koha.tu.koszalin.pl/cgi-bin/koha/opac-detail.pl?biblionumber=17613
_yKatalog online BPK